ბათუმის შოთა რუსთაველის სახელმწიფო უნივერსიტეტის ბიბლიოთეკა

Авиационные силовые установки: Системы и устроиства. (ბიბ.ჩანაწერი № 38682)

000 -LEADER
fixed length control field 00758nam a2200217Ia 4500
001 - CONTROL NUMBER
control field 4927
003 - CONTROL NUMBER IDENTIFIER
control field GE_BSU
008 - FIXED-LENGTH DATA ELEMENTS--GENERAL INFORMATION
fixed length control field 181216s||||||||xx |||||||||||||| ||und||
040 ## - CATALOGING SOURCE
Transcribing agency GE_BSU
080 ## - UNIVERSAL DECIMAL CLASSIFICATION NUMBER
Universal Decimal Classification number 629.73.064
100 ## - MAIN ENTRY--PERSONAL NAME
Personal name Домотенко,Н.Т. Кравец,А.С. Пугачев,А.И. Сивашенко,Т.И.
245 ## - TITLE STATEMENT
Title Авиационные силовые установки: Системы и устроиства.
245 ## - TITLE STATEMENT
Remainder of title Учебн. пособ.
245 ## - TITLE STATEMENT
Statement of responsibility, etc. Ред. А.М.Мещеряков.
260 ## - PUBLICATION, DISTRIBUTION, ETC.
Place of publication, distribution, etc. М.
260 ## - PUBLICATION, DISTRIBUTION, ETC.
Name of publisher, distributor, etc. Транспорт.
260 ## - PUBLICATION, DISTRIBUTION, ETC.
Date of publication, distribution, etc. 1970.
300 ## - PHYSICAL DESCRIPTION
Extent 352стр.22см. с илл. библиогр.:стр.343-345.
653 ## - INDEX TERM--UNCONTROLLED
Uncontrolled term Авиационные силовые установки.
942 ## - ADDED ENTRY ELEMENTS (KOHA)
Koha item type წიგნი
ეგზემპლარები
Withdrawn status Lost status Damaged status Not for loan Date acquired Barcode Date last seen Price effective from Koha item type
        2018-12-17 11035 2018-12-17 2018-12-17 წიგნი
        2018-12-17 11036 2018-12-17 2018-12-17 წიგნი